[Event "BL2 Gr1 0304 (Women)"]
[Site "Germany"]
[Date "2004.03.13"]
[Round "6.4"]
[White "Bach, Tanja"]
[Black "Mense, Petra"]
[Result "1-0"]
[WhiteElo "1658"]
[BlackElo "1595"]
[PlyCount "51"]
[EventDate "2003.10.25"]
[EventType "team-tourn"]
[EventRounds "7"]
[EventCountry "GER"]
[SourceTitle "EXT 2006"]
[Source "ChessBase"]
[SourceDate "2005.11.24"]
[SourceVersion "1"]
[SourceVersionDate "2005.11.24"]
[SourceQuality "1"]
[WhiteTeam "Walldorf (W)"]
[BlackTeam "Heiden (W)"]
[WhiteTeamCountry "GER"]
[BlackTeamCountry "GER"]

1. e4 c5 2. f4 e6 3. Nf3 g6 4. Be2 Bg7 5. 0-0 d6 6. Bb5+ Bd7 7. Bxd7+ Nxd7 8. Nc3 Ne7 9. Qe1 0-0 10. d3 Nc6 11. Nb5 Qe7 12. c3 a6 13. Na3 b5 14. Nc2 Rac8 15. Qg3 f5 16. Bd2 Nf6 17. Rae1 fxe4 18. dxe4 Nh5 19. Qg4 Nf6 20. Qh3 e5 21. Ng5 Qd7 22. f5 gxf5 23. Rxf5 Bh8 24. Re3 Rfd8 25. Rg3 Kf8 26. Qh6+ 1-0